00412nam a2200121Ia 45000010005000000080041000050820026000461000053000722450099001252600024002249010027002489990015002753730241024s9999 xx 000 0 und d aRD/374.087/R426q/2013 aRepública Dominicana Ministerio de Educación 0aQuisqueya aprende contigo, Guia para aprendizaje adaptado a personas con discapacidad auditiva bSanto Domingoc2013 a17/3/2014 1:56:12 p.m. c8489d8489